| 000 | 00542nam a2200181Ia 4500 | ||
|---|---|---|---|
| 001 | 9183 | ||
| 005 | 20260306160704.0 | ||
| 008 | 260306t2016||||xx |||||||||||||| ||spa|| | ||
| 041 | _aESP | ||
| 082 |
_a375 _bM86 |
||
| 100 |
_aMorales Lizama, Fausto _eAUT |
||
| 245 | 0 |
_aDesarrollo de competencias educativas: _bguía para la elaboración de secuencias didácticas y orientación a la planeación didáctica argumentada |
|
| 260 | _c2016 | ||
| 300 |
_a166 páginas : _c23 cm. |
||
| 650 | _aGEN | ||
| 654 | _aCED | ||
| 942 |
_cLIB _dJUS _fJUS _2ddc _n |
||
| 999 |
_c9183 _d9183 |
||